01181nam a2200289Ia 450000500170000000800410001702000180005804000350007604100080011110000310011924501980015025000230034826400320037130000510040333600270045433700330048133800280051449000830054265000410062565000320066665000350069865000310073370000350076470000410079970000390084008400120087920220317001957.0200115s2019 ck 000 0 spa d a9789580013808 aCO-BoRNBPbspaerdacCO-BoRNBP0 aspa1 aKuiru Naforo, Juaneautor 10aJagáiai, narraciones indígenas de la selva cnarrador Juan Kuiru Naforo ; compiladores y traductores Noinui Jitóma, Maribel Berrío y Selnich Vivas Hurtado ; ilustradora Sabina Londoño aEdición especial 1aBogotá bEducactivac2019 a94 páginas bilustraciones a color c 24 cm. 2rdacontentatextobtxt 2rdamediaasin mediaciónbn 2rdacarrieravolumenbnc0 aPlan Nacional de Lectura y Escritura Leer es mi Cuento / Ministerio de Cultura17aLeyendas indigenas colombianas2LEMB17aLiteratura colombiana2LEMB17aMitología indígena 2LEMB17aNaturaleza leyendas2LEMB1 aLondoño, Sabina etraductor 1 aNoinui Berrío, Maribeletraductor 1 aVivas Hurtado, Selnichetraductor  aLM KUI2